| 000 | 00410nam a2200133Ia 4500 | ||
|---|---|---|---|
| 008 | 220204s9999 xx 000 0 und d | ||
| 020 | _a8185116474 | ||
| 082 |
_a631.86(038) _bBHA |
||
| 245 | 0 | _aDictionary of biofertilisers and organic fertilisers | |
| 260 |
_aNew Delhi _bFertiliser Development & Consultation Organization(FDCO) _c2002 |
||
| 700 | _aBhattacharyya, P | ||
| 700 | _aTandon, H L S | ||
| 942 | _cBK | ||
| 999 |
_c42041 _d42041 |
||